000
00277 a2200109 4500
090
_c
4301
_d
4301
100
_a
Melvin Mencher
245
_a
New Reporting and Writing
250
_a
7th Ed
260
_a
National Books Foundation
_b
Islamabad
_c
2005
942
_a
NBS
_c
BK
_k
070.4322 MEN
999
_c
346748
_d
346748